000 00524nam a2200181Ia 4500
003 GCL
008 140319s9999 xx 000 0 ara d
040 _aGCL /
_cGCL
082 0 4 _a801.95
_bا ن
100 1 _aاحمد كمال زكى
245 1 0 _aالنقد الادبى الحديث اصوله واتجاته /
_cاحمد كمال زكى
300 _a295 ص
490 _a100 قصة
_v0
650 0 4 _aالادب العربى
650 0 4 _aالعصر الحديث
650 0 4 _aتاريخ ونقد
942 _2ddc
_cBK
999 _c45320
_d45320